000 00460nam a2200181Ia 4500
003 GCL
008 140319s9999 xx 000 0 eng d
040 _aGCL /
_cGCL
082 0 4 _a759
_bK J
100 1 _aKAUFFMANN, C.M.
245 1 0 _aJOHN RARLEY 1778-1842 /
_cKAUFFMANN, C.M.
260 _a[S.N] :
_bBATSFORD VICTONA & ALBERT MUSEUN ،
_c1984
650 0 4 _aRARLEY, JOHN
650 0 4 _aARTS
650 0 4 _aPAINTING
650 0 4 _aPAINTERS
942 _2ddc
_cBK
999 _c18225
_d18225